00923nam a2200205 a 450000100100000000500170001000800410002704000250006808200150009310000370010824500570014526000380020230000280024050000630026804900090033195201280034095201130046895201190058199900170070000001353420200929163248.0091125s1982 dr a 001 0 spa d aDO-SdBNPbspacBNPHU axxxbF385p1 aFerreras, Ramón Alberto91129810a¡Prohibido enfermarse! /cRamón Alberto Ferreras. aSanto Domingo :bNordeste,c1982. a271 p. :bil. ;c21 cm. aIncluye datos biográficos del autor en la contracubierta aBNPD 001054708DSaGRbGRcHDd2015-04-10iLF1l0oxxx F385pp13534-30r2020-06-25te. 3w2020-06-25yLFDSZPréstamo en sala 0010718PDaPDbPDcHDd2009-11-25iLF1l0oxxx F385pp13534-10r2020-06-25w2020-06-25yLFPDZNo se presta 0010718PDaPDbPDcHDd2009-11-25iLF1l0oxxx F385pp13534-20r2020-06-25te. 2w2020-06-25yLFPDZNo se presta c13157d13157